1856-1923 emperyalizm kıskacında Türkler, Ermeniler, Kürtler / (Record no. 15505)

MARC details
000 -BAŞLIK
Sabit Uzunlukta Kontrol Alanı 00802nam a22002537a 4500
999 ## - SİSTEM KONTROL NUMARALARI (KOHA)
Koha Biblionumber 15505
Koha Biblioitemnumber 15505
003 - KONTROL NUMARASI IDENTIFIER
Denetim Alanı MIRAKIL
005 - SON İŞLEM TARİHİ VE ZAMANI
Denetim Alanı 20240229134644.0
008 - SABİT-BOY VERİ ELEMANLARI - GENEL BİLGİLER
Sabit Uzunlukta Kontrol Alanı 240229b tu ||||| |||| 00| 0 tur d
020 ## - ULUSLARARASI STANDART KİTAP NUMARASI
Uluslararası Standart Kitap Numarası 9757045063
040 ## - KATALOGLAMA KAYNAK
Orijinal Kataloglama Ajansı TR-AnCHP
Metne Dönüştürmek Ajansı TR-AnCHP
041 ## - DİL KODU
Metin / Ses Parça Veya Ayrı Başlığın Dil Kodu tur
082 ## - DEWEY ONLU SINIFLANDIRMA NUMARASI
Sınıflandırma Numarası 956.100491992
Ürün Numarası Y25t 2007
090 ## - SINIFLAMA NUMARASI
Sınıflama Numarası 956.100491992 Y25t 2007
100 1# - ANA GİRİŞ - KİŞİSEL İSİM
Kişisel Ad Yavi, Ersal
Bir Adıyla İlişkilendirilen Tarihler 1943-
245 10 - BAŞLIK TABLOSU
Başlık 1856-1923 emperyalizm kıskacında Türkler, Ermeniler, Kürtler /
Sorumluluk Tablosu, Vb Ersal Yavi
250 ## - EDITION TABLOSU
Baskı Beyanı 7. bs.
260 ## - YAYIN, DAĞITIM, VB
Yayın, Dağıtım, Vb Yeri İzmir :
Yayıncı, Dağıtıcı, Vs Adı Yazıcı Yayınevi,
Yayın, Dağıtım, Vb Tarihi 2005
300 ## - FİZİKSEL TANIM
Kapsam xv, 398 s. :
Diğer Fiziksel Ayrıntıları res., hrt. ;
Boyutlar 21 cm
650 #0 - KONU KATMA GİRİŞ - TOPİKAL DÖNEM
9 (RLIN) 420
Topikal Süreli Veya Coğrafi Ad Giriş Elemanı Ermeniler
Genel Alt Bölümü Tarih
650 #0 - KONU KATMA GİRİŞ - TOPİKAL DÖNEM
9 (RLIN) 5116
Topikal Süreli Veya Coğrafi Ad Giriş Elemanı Kürtler
650 #0 - KONU KATMA GİRİŞ - TOPİKAL DÖNEM
9 (RLIN) 7615
Topikal Süreli Veya Coğrafi Ad Giriş Elemanı Azınlıklar
856 ## - ELEKTRONİK YER VE ERİŞİM
Kamu Notu Dijital Nüshası için Partimizin Kütüphane Sorumlusu ile iletişime geçiniz.
942 ## - EKLENDİ GİRİŞ ELEMANLARI (KOHA)
Sınıflandırma Veya Raf Düzeni Kaynak Dewey Decimal Classification
Koha Öğesi Türü Books
Holdings
Kalıcı Konum Mevcut Konum Edinme Tarihi Toplam Check-Out'Lar Tam Çağrı Numarası Barkod Tarih Son Görülme İtibaren Geçerli Fiyatlar Koha Öğesi Türü
CHP Kütüphanesi CHP Kütüphanesi 02/29/2024   956.100491992 Y28t 2007 21371 02/29/2024 02/29/2024 Books